000
00318nam a2200133 a 4500
005
20140414093834.0
008
030611s19uu xx 00 eng d
050
_a
CDR 030
_b
Web n.d.
245
_a
Webster's concise encyclopedia.
650
_a
CD-ROM.
650
_a
Encyclopedia.
942
_c
AVM
999
_c
108912
_d
108912